000 00537nam a2200181Ia 4500
008 151018s9999 xx 000 0 und d
082 _bRBASDV23451
_a891.461
100 _aलवू बागवे
245 _aआरती संग्रह
250 _b1
260 _bराऊळ प्रकाशन
_c1989
300 _a23
600 _aलवू बागवे
630 _aआरती संग्रह
700 _aलवू बागवे
730 _aआरती संग्रह
942 _cBOOK
999 _c1023106
_d1023103